ASSESSING THE SPECIES, ABUNDANCE, DISTRIBUTION AND DIVERSITY OF SEAGRASS IN COMMUNITY FISHERIES AREA, KAMPOT PROVINCE. ការវាយតម្លៃលើប្រភេទ ភាពសម្បូរបែប​ និងរបាយស្មៅសមុទ្រក្នុងដែនសហគមន៍នេសាទខេត្តកំពត (Record no. 22597)

000 -LEADER
fixed length control field 00741nam a22001337a 4500
040 ## - CATALOGING SOURCE
Transcribing agency RUA
082 ## - DEWEY DECIMAL CLASSIFICATION NUMBER
Classification number FIS CHR 2021 B473 Or.
100 ## - MAIN ENTRY--AUTHOR NAME
Personal name CHROENG CHANTHA ច្រឹង​ ចន្ថា
245 ## - TITLE STATEMENT
Title ASSESSING THE SPECIES, ABUNDANCE, DISTRIBUTION AND DIVERSITY OF SEAGRASS IN COMMUNITY FISHERIES AREA, KAMPOT PROVINCE. ការវាយតម្លៃលើប្រភេទ ភាពសម្បូរបែប​ និងរបាយស្មៅសមុទ្រក្នុងដែនសហគមន៍នេសាទខេត្តកំពត
260 ## - PUBLICATION, DISTRIBUTION, ETC. (IMPRINT)
Place of publication Phnom Penh
Name of publisher RUA
Year of publication 2021
300 ## - PHYSICAL DESCRIPTION
Number of Pages XIV.53P
Other physical details X.
Dimensions 29CM
856 ## - ELECTRONIC LOCATION AND ACCESS
Uniform Resource Identifier https://drive.google.com/file/d/1SuAMBpRx1p3WITgWuDzZqy9hDSMMiq-G/view?usp=sharing
942 ## - ADDED ENTRY ELEMENTS (KOHA)
Koha item type FIS
952 ## - LOCATION AND ITEM INFORMATION (KOHA)
Withdrawn status [LOCAL, KOHA] 0
952 ## - LOCATION AND ITEM INFORMATION (KOHA)
Withdrawn status [LOCAL, KOHA] 0
952 ## - LOCATION AND ITEM INFORMATION (KOHA)
Withdrawn status [LOCAL, KOHA] 0
952 ## - LOCATION AND ITEM INFORMATION (KOHA)
Withdrawn status [LOCAL, KOHA] 0
952 ## - LOCATION AND ITEM INFORMATION (KOHA)
Withdrawn status [LOCAL, KOHA] 0
952 ## - LOCATION AND ITEM INFORMATION (KOHA)
Withdrawn status [LOCAL, KOHA] 0
Holdings
Permanent Location Date acquired Koha item type Lost status Shelving location Barcode Current Location Full call number
Library Block B2024-03-18FIS B473a077932Library Block BFIS CHR 2021 B473 Or.1
Library Block B2024-03-18FIS B473a077964Library Block BFIS CHR 2021 B473 Or.2
Library Block B2024-03-18FIS B473a077960Library Block BFIS CHR 2021 B473 Or.3
Library Block B2025-01-29FIS  A080605Library Block BFIS CHR 2021 B473 Or.5
Library Block B2025-01-29FIS  A080705Library Block BFIS CHR 2021 B473 Or.6
Library Block B2024-03-18FIS B473a077956Library Block DFIS CHR 2021 B473 Or.4
មជ្ឈមណ្ឌលឯការនៃសាកលវិទ្យាល័យភូមិន្ទកសិកម្មចំការដូង

Powered by Koha